00488nam a2200169Ia 4500003000400000008004100004040001600045082001700061100002600078245007700104700002100181260005300202300001000255650001400265650001200279650002700291GCL140319s9999 xx 000 0 eng d aGCL / cGCL04a620.123bS A1 aLIMBRUNNER, GEORGE F.10aAPPLIED STATICS AND STRENGTH MATERIALS, 2ND ED / cLIMBRUNNER, GEORGE F.1 aSPIEGEL, LEONARD a[S.N] : bMACMILIAN PUBLISHING COMPANY ، c1994 a758 P04aMATERIALS04aSTATICS04aSTRUCTURAL ENGINEERING